الله.. لماذا؟ / (Record no. 24691)
[ view plain ]
| 000 -الفاتح | |
|---|---|
| حقل البيانات ثابتة الطول | 01348nam a22003375a 4500 |
| 003 - محدد رقم الضبط | |
| رقم الضبط | OSt |
| 005 - وقت وتاريخ اخر تعامل مع التسجيلة | |
| رقم الضبط | 20170422145528.0 |
| 008 - عناصر البيانات ثابتة الطول - معلومات عامة | |
| حقل البيانات ثابتة الطول | 170422s2010 ua gr 000 0 ara d |
| 015 ## - | |
| -- | 2009 / 19733 |
| 040 ## - مصدر الفهرسة | |
| وكالة الفهرسة الأصلية | EG-ScBUE |
| لغة الفهرسة | ara |
| وكالة النسخ | EG-ScBUE |
| 041 1# - رمز اللغة | |
| رمز لغة النص/ المسارات الصوتية أو العنوان الانفرادي | ara |
| رمز لغة الترجمات و/او الاصلية المتوسطة للنص | eng |
| 082 04 - رقم تصنيف ديوى العشرى | |
| رقم التصنيف | 211 |
| رقم المادة | آ ر م |
| رقم الطبعة | 22 |
| 100 1# - المدخل الرئيسى - إسم شخصى | |
| الإسم الشخصى | آرمسترونج، كارن. |
| 240 14 - العنوان الموحد | |
| عنوان موحد | The case for God. |
| لغة العمل | Arabic |
| 245 10 - بيان العنوان | |
| العنوان | الله.. لماذا؟ / |
| بيان المسئوليه,etc | كارن آرمسترونج ؛ ترجمة فاطمة نصر، هبه محمود عارف. |
| 250 ## - بيان الطبعة | |
| بيان الطبعة | ط. 1. |
| 260 ## - PUBLICATION, DISTRIBUTION, ETC. (IMPRINT) | |
| مكان الناشر او الموزع | القاهرة : |
| اسم الناشر او الموزع | مكتب سطور الجديدة، |
| تاريخ النشر أو التوزيع | 2010. |
| 300 ## - الوصف المادى | |
| التعداد | 520 ص. ؛ |
| أبعاد الوعاء | 24 سم. |
| 490 0# - بيان السلسلة | |
| عنوان السلسلة | إصدارات سطور الجديدة ؛ |
| رقم المجلد/ التعيين التسلسلي | 90 |
| 490 0# - بيان السلسلة | |
| عنوان السلسلة | مسعى البشرية الأزلي |
| 500 ## - تبصرة عامة | |
| تبصرة عامة | نشر كتاب (The case for God) أول مرة عام 2009 من خلال الناشر (Alfred A. Knopf) |
| 541 ## - تبصرة المصدر المباشر للتزويد | |
| مصدر التزويد | إهداء من أ. محمد فريد خميس.<br/> |
| 546 ## - تبصرة اللغة | |
| تبصرة اللغة | النص باللغة العربية ترجم من اللغة الإنجليزية. |
| 650 #7 - المدخل الاضافى بالموضوع-مصطلح موضوعى | |
| مصطلح موضوعي أو اسم جغرافي كعنصر مدخل | الله جل جلاله. |
| مصدر الرأس أو المصطلح | BUEsh |
| 650 #7 - المدخل الاضافى بالموضوع-مصطلح موضوعى | |
| مصطلح موضوعي أو اسم جغرافي كعنصر مدخل | الإلهيات (علم الكلام) |
| مصدر الرأس أو المصطلح | BUEsh |
| 651 ## - المدخل الاضافى بالموضوع - اسم جغرافى | |
| مصدر الرأس أو المصطلح | BUEsh |
| 653 ## - مصطلح تكشيفى غير مقيد | |
| Resource For college | Generalities |
| Arrived date list | April2017 |
| 700 1# - المدخل الاضافى - اسم شخصى | |
| الإسم الشخصى | نصر، فاطمة، |
| الدور | مترجم. |
| 9 (RLIN) | 27843 |
| 700 1# - المدخل الاضافى - اسم شخصى | |
| الإسم الشخصى | عارف، هبه محمود، |
| الدور | مترجم. |
| 942 ## - عناصر المدخل الإضافي( كوها) | |
| مصدر التصنيف او مخطط الترفيف | Dewey Decimal Classification |
| حالة التراجع | حالة الفقد | مصدر التصنيف او خطة الترفيف | حالة تلف | ليس للاعارة | مجموعات كوها | المكان الدائم | المكان الحالي | موقع الترفيف | تاريخ الاكتساب | Source of acquisition | سعر الشراء الطبيعي | رقم الاستدعاء | الباركود | Date last seen | مُعار | التكلفة | تبصرة غير عامة( المفوع للعناصر المفقوده) | نوع الوعاء |
|---|---|---|---|---|---|---|---|---|---|---|---|---|---|---|---|---|---|---|
| Dewey Decimal Classification | Madboly | Central Library | Central Library | Lower Floor | 22/04/2017 | Donation | 165.00 | 211 آ ر م | 000046031 | 15/07/2025 | 08/10/2023 | 206.25 | إهداء من أ. محمد فريد خميس. | Book - Borrowing |